| 000 | 00737cam a22002414a 4500 | ||
|---|---|---|---|
| 999 |
_c7135 _d7135 |
||
| 001 | 45189009 | ||
| 003 | OCoLC | ||
| 005 | 20190122202404.0 | ||
| 008 | 001003s2001 laua b 000 0 eng | ||
| 010 | _a00050563 | ||
| 020 | _a158229156X | ||
| 040 |
_aDLC _cDLC _dBSC |
||
| 042 | _apcc | ||
| 082 |
_a242 _bM478l |
||
| 092 |
_a242 _bM148L |
||
| 100 | 1 |
_aMcGuiggan, Jim, _d1937- |
|
| 245 | 1 | 0 |
_aLet me count the ways : _bstories of the most wonderful adventure of the human heart / _cJim McGuiggan. |
| 260 |
_aWest Monroe, LA : _bHoward Pub. Co., _cc2001. |
||
| 300 |
_aix, 114 p. : _bill. ; _c20 cm. |
||
| 504 | _aIncludes bibliographical references (p. 111-114). | ||
| 650 | 0 |
_aLove _xReligious aspects _xChristianity. |
|
| 942 |
_2ddc _cBK |
||